000 00813nam a2200229Ii 4500
003 JO-AjNU
008 230605s9999||||xx |||||||||||||| ||und||
017 _a200612/3433
040 _aJO-AjNU
_bara
_erda
_cJO-AjNU
041 _aara
050 1 4 _aPJ7852.A8.Z78 2007
100 3 _aتأليف نشوان، حسين,
_eauthor
_948628
245 0 0 _aعين ثالثة: تداخل الفنون والأجناس في أعمال إبراهيم نصرالله الإبداعية
250 _aط1
264 3 1 _aعمان:وزارة الثقافة،2006
300 _a160ص
336 _atext
_btxt
_2rdacontent
337 _aunmediated
_bn
_2rdamedia
338 _avolume
_bnc
_2rdacarrier
490 0 _aسلسلة كتاب الشهر رقم 126
650 4 _aالشعر العربي - تحليل ونقد 
_948629
999 _aA21309
_c24877
_d24877